Statistics for Baby Animal Names

Click here to take the quiz!

General Stats

  • This quiz has been taken 28 times
  • The average score is 12 of 20

Answer Stats

HintAnswer% Correct
ChickenChick
96%
CatKitten
96%
Guinea PigPup
92%
DogPuppy
92%
HumanBaby
88%
DuckDuckling
85%
CowCalf
81%
LionCub
81%
PigPiglet
77%
FrogTadpole
77%
DeerFawn
62%
HorseFoal
54%
GooseGosling
54%
FlyMaggot
50%
FishFry
31%
SwanCygnet
27%
LlamaCria
12%
AlligatorHatchling
12%
AntPupa
8%
WormWormlet
8%

Score Distribution

Percentile by Number Answered

Percent of People with Each Score

Your Score History

You have not taken this quiz